La Constitución chilena

Na minha lista:
Detalhes bibliográficos
Autor principal: Bernaschina González, Mario (Author)
Formato: Livro
Idioma:espanhol
Publicado em: Santiago Jurídica de Chile 1953
Colecção:Cartillas, 3
Assuntos:
Tags: Adicionar Tag
Sem tags, seja o primeiro a adicionar uma tag!

MARC

LEADER 00000nam a2200000 a 4500
001 UCT9793
003 CL-VaPUC
008 970411e19530000CL |||||||||||||||||spa|d
082 0 4 |a 342.83  |b BER  |2 21 
100 0 |a Bernaschina González, Mario  |e author  |9 382823 
245 1 3 |a La Constitución chilena 
300 |a 178 p 
942 |c BK 
945 |d 19970411 00:00:00  |a paguirre 
260 |a Santiago  |b Jurídica de Chile  |c 1953 
500 |a Con un apéndice que contiene el texto auténtico de la Constitución de 1925 
650 0 |a Constituciones  |9 255417 
650 7 |a CONSTITUCION 1925  |2 CL-VaPUC  |9 258619 
650 0 |a Derecho constitucional   |9 222588 
650 0 |a Derechos civiles y políticos   |9 338684 
650 0 |a Soberanía  |9 266726 
650 0 |a Ciudadanía  |9 258339 
650 0 |a Nacionalidad  |9 357571 
650 0 |a Partidos políticos  |9 254999 
650 0 |a Elecciones  |9 254997 
650 7 |a GARANTIAS CONSTITUCIONALES  |2 CL-VaPUC  |9 382824 
650 0 |a Parlamento  |9 338611 
650 7 |a PRESIDENCIA  |2 CL-VaPUC  |9 341215 
650 0 |a Poder judicial  |9 254871 
650 0 |a Administración pública   |9 255343 
651 7 |a CHILE  |2 CL-VaPUC  |9 382825 
583 |a last modification  |c 19970411 00:00:00  |k Rodrigo Vera 
490 0 |a Cartillas, 3 
999 |c 258172  |d 258170 
952 |0 0  |1 0  |4 0  |6 342_830000000000000_BER_1953  |7 0  |8 A  |9 282064  |a BIBDER  |b BIBDER  |d 2019-11-19  |i 1830554  |l 1  |m 1  |o 342.83 BER 1953  |p 1830554  |r 2023-07-05  |s 2020-02-26  |w 2019-11-19  |y BK  |k DER